LEADER 01151cam0-2200361---450- 001 990004232920403321 005 20130610132833.0 035 $a000423292 035 $aFED01000423292 035 $a(Aleph)000423292FED01 035 $a000423292 100 $a19990604d1996----km-y0itay50------ba 101 0 $aita 102 $aIT 105 $ay---a---001yy 200 1 $aDonna, disciplina, creanza cristiana dal XV al XVII secolo$estudi e testi a stampa$fa cura di Gabriella Zarri 210 $aRoma$cEdizioni di Storia e Letteratura$d1996 215 $a800 p.$d24 cm 225 1 $aTemi e testi$iNuova serie$v36 610 0 $aDonna$aIstruzione e letture$aStoria 610 0 $aDonna$aComportamento$aSec. 15.-17.$aBibliografia 676 $a305.42 676 $a016.30542 676 $a306.3082 702 1$aZarri,$bGabriella$f<1942- > 801 0$aIT$bUNINA$gRICA$2UNIMARC 901 $aBK 912 $a990004232920403321 952 $aCOLL.47(36)$bBibl.20731$fFLFBC 952 $a305.42 ZAR 1$bDip.fil.mod. 8192$fFLFBC 959 $aFLFBC 996 $aDonna, disciplina, creanza cristiana dal XV al XVII secolo$9482283 997 $aUNINA LEADER 01044nam a2200313 i 4500 001 991001091439707536 005 20020507183113.0 008 970922s1996 us ||| | eng 020 $a156884798X 035 $ab10799692-39ule_inst 035 $aLE01306882$9ExL 040 $aDip.to Matematica$beng 082 0 $a005.43 084 $aAMS 68N25 084 $aCR D.4.0 100 1 $aBarkakati, Nabajyoti$042606 245 10$aLinux secrets /$cby Naba Barkakati 260 $aFoster City, CA :$bIDG Books Worldwide,$cc1996 300 $axxxiv, 902 p. :$bill. ;$c24 cm. + 1 computer disk (3 1/2 in.) 500 $aAt head of title: InfoWorld. 500 $aIncludes index 650 4$aLinux 650 4$aOperating systems 907 $a.b10799692$b21-09-06$c28-06-02 912 $a991001091439707536 945 $aLE013 68N BAR31 (1996)$g1$i2013000090467$lle013$o-$pE0.00$q-$rl$s- $t0$u1$v0$w1$x0$y.i10903525$z28-06-02 996 $aLinux secrets$9925582 997 $aUNISALENTO 998 $ale013$b01-01-97$cm$da $e-$feng$gus $h0$i1 LEADER 01491nam a2200457 i 4500 001 991001329679707536 005 20020507191454.0 008 940517s1983 de ||| | fre 020 $a3540127313 035 $ab10832403-39ule_inst 035 $aLE01310599$9ExL 040 $aDip.to Matematica$beng 082 0 $a515.94 084 $aAMS 32-06 084 $aAMS 32-XX 084 $aAMS 32A20 084 $aAMS 32A45 084 $aAMS 32C05 084 $aAMS 32C30 084 $aAMS 32F05 084 $aAMS 32F15 084 $aAMS 32H30 084 $aAMS 32L05 084 $aAMS 35A20 084 $aAMS 58E20 100 1 $aDolbeault, Pierre$0351300 245 10$aSéminaire d'analyse P. Lelong - P. Dolbeault - H. Skoda :$bannées 1981-83 /$cédité par P. Lelong, P. Dolbeault et H. Skoda 260 $aBerlin :$bSpringer-Verlag,$c1983 300 $aviii, 328 p. ;$c25 cm. 490 0 $aLecture notes in mathematics,$x0075-8434 ;$v1028 500 $aIncludes bibliographies 650 4$aGlobal analysis 650 4$aMathematical analysis 700 1 $aLelong, Pierre 700 1 $aSkoda, Henri 907 $a.b10832403$b23-02-17$c28-06-02 912 $a991001329679707536 945 $aLE013 32-XX LEL113 (1983)$g1$i2013000004648$lle013$o-$pE0.00$q-$rl$s- $t0$u0$v0$w0$x0$y.i10941496$z28-06-02 996 $aSéminaire d'analyse P. Lelong - P. Dolbeault - H. Skoda$9923551 997 $aUNISALENTO 998 $ale013$b01-01-94$cm$da $e-$ffre$gde $h0$i1